[Event "Cali Masificacion op U2050"]
[Site "Cali"]
[Date "2021.12.29"]
[Round "7"]
[White "Gonzalez, Flabio Enrique"]
[Black "Ospina Betancur, Santiago"]
[Result "0-1"]
[WhiteElo "1600"]
[BlackElo "1586"]
[PlyCount "30"]
[EventDate "2021.12.26"]
[EventType "swiss"]
[EventRounds "7"]
[EventCountry "COL"]
[SourceTitle "CBM 205 Extra"]
[Source "ChessBase"]
[SourceDate "2022.01.31"]
[SourceVersion "1"]
[SourceVersionDate "2022.01.31"]
[SourceQuality "1"]

1. e4 c5 2. Nf3 d6 3. d4 cxd4 4. Nxd4 Nf6 5. Nc3 g6 6. Be3 Bg7 7. f3 Nc6 8. Qd2 0-0 9. 0-0-0 d5 10. exd5 Nxd5 11. Nxc6 bxc6 12. Nxd5 cxd5 13. Qxd5 Qxd5 14. Rxd5 Be6 15. a3 Bxd5 0-1

[Event "Cali Masificacion op U2050"]
[Site "Cali"]
[Date "2021.12.28"]
[Round "4"]
[White "Galindo, Gustavo"]
[Black "Gonzalez, Flabio Enrique"]
[Result "0-1"]
[WhiteElo "1912"]
[BlackElo "1600"]
[PlyCount "116"]
[EventDate "2021.12.26"]
[EventType "swiss"]
[EventRounds "7"]
[EventCountry "COL"]
[SourceTitle "CBM 205 Extra"]
[Source "ChessBase"]
[SourceDate "2022.01.31"]
[SourceVersion "1"]
[SourceVersionDate "2022.01.31"]
[SourceQuality "1"]

1. b4 e5 2. Bb2 Bd6 3. Nf3 Qe7 4. a3 h6 5. c4 b6 6. Nc3 c6 7. e3 Nf6 8. Qc2 Bc7 9. d4 d6 10. d5 a6 11. Be2 c5 12. b5 a5 13. 0-0 e4 14. Nd2 Bf5 15. Rfd1 Nbd7 16. Bf1 g5 17. Ncxe4 Ne5 18. Nxd6+ Bxd6 19. Qxf5 g4 20. Kh1 Rg8 21. f4 gxf3 22. Nxf3 Neg4 23. h3 Nf2+ 24. Kg1 Nxd1 25. Rxd1 Ne4 26. Qh7 0-0-0 27. Ne5 Bxe5 28. Bxe5 Qxe5 29. Qxh6 Nd6 30. Re1 Rg6 31. Qh4 Rh8 32. Qf4 Qxf4 33. exf4 Rxh3 34. Re7 Rxa3 35. f5 Nxf5 36. Rxf7 Ne3 37. Rf3 Nxc4 38. Rf8+ Kd7 39. Bxc4 Ra1+ 40. Kf2 a4 41. Rf7+ Ke8 42. Rc7 a3 43. Rc6 Rxc6 44. bxc6 a2 45. c7 Kd7 46. d6 Rf1+ 47. Kg3 Rf8 48. Bxa2 Kxd6 49. Kh4 Kxc7 50. g4 b5 51. g5 c4 52. g6 Kd7 53. Kg5 Rf2 54. Bb1 Ke7 55. g7 Kf7 56. g8Q+ Kxg8 57. Be4 c3 58. Bc6 c2 0-1